Los esmaltes de uruapan. ed. de su manuscrito fechado en morelia el año de 1922. (Record no. 5527)
[ view plain ]
| 000 -CABECERA | |
|---|---|
| campo de control de longitud fija | 01045nam a2200265 a 4500 |
| 001 - NÚMERO DE CONTROL | |
| campo de control | BRCA_5838 |
| 005 - FECHA Y HORA DE LA ÚLTIMA TRANSACCIÓN | |
| campo de control | 20190320205231.0 |
| 008 - DATOS DE LONGITUD FIJA--INFORMACIÓN GENERAL | |
| campo de control de longitud fija | 140311m19221939mx-a######---#001-0#spa-# |
| 041 ## - CÓDIGO DE LENGUA | |
| Código de lengua del texto/banda sonora o título independiente | spa |
| 044 ## - CÓDIGO DEL PAÍS DE LA ENTIDAD EDITORA/PRODUCTORA | |
| Código MARC del país | mx |
| 050 #4 - SIGNATURA TOPOGRÁFICA DE LA BIBLIOTECA DEL CONGRESO | |
| Número de clasificación | NK5000 |
| Número de documento/Ítem | .L4 |
| -- | 1939 |
| 100 1# - ENTRADA PRINCIPAL--NOMBRE DE PERSONA | |
| Nombre de persona | P. León, Francisco de. |
| 9 (RLIN) | 14782 |
| 245 10 - MENCIÓN DE TÍTULO | |
| Título | Los esmaltes de uruapan. ed. de su manuscrito fechado en morelia el año de 1922. |
| 260 ## - PUBLICACIÓN, DISTRIBUCIÓN, ETC. | |
| Lugar de publicación, distribución, etc. | México |
| Nombre del editor, distribuidor, etc. | DAPP |
| Fecha de publicación, distribución, etc. | 1939 |
| 300 ## - DESCRIPCIÓN FÍSICA | |
| Extensión | 154 p. |
| Otras características físicas | ilus., (algunas a color) 52 láminas. |
| Dimensiones | 28 cm. |
| 500 ## - NOTA GENERAL | |
| Nota general | Comentarios a la obra firmado: Gabriel Fernandez Ledesma; índice. |
| 500 ## - NOTA GENERAL | |
| Nota general | Incluye extractos de las fuentes de informacion por ejemplo: capitulos y parrafos del México desconocido de lumholtz; fragmentos de la obra: ´noticias para la historia y estadística del obispado de Michoacán (1862)´ etc |
| 500 ## - NOTA GENERAL | |
| Nota general | H99 |
| 610 24 - PUNTO DE ACCESO ADICIONAL DE MATERIA--NOMBRE DE ENTIDAD CORPORATIVA | |
| Nombre de entidad corporativa o nombre de jurisdicción como elemento de entrada | Gobierno de Uruapan (Michoacán) |
| 9 (RLIN) | 14783 |
| 650 14 - PUNTO DE ACCESO ADICIONAL DE MATERIA--TÉRMINO DE MATERIA | |
| Término de materia o nombre geográfico como elemento de entrada | Esmalte y esmaltado |
| 9 (RLIN) | 14784 |
| 650 14 - PUNTO DE ACCESO ADICIONAL DE MATERIA--TÉRMINO DE MATERIA | |
| Término de materia o nombre geográfico como elemento de entrada | Arte |
| Subdivisión geográfica | México |
| 9 (RLIN) | 14785 |
| 651 #4 - PUNTO DE ACCESO ADICIONAL DE MATERIA--NOMBRE GEOGRÁFICO | |
| Nombre geográfico | Uruapan (México) |
| 9 (RLIN) | 14786 |
| 902 ## - CATALOGADOR | |
| Iniciales | GFM |
| 942 ## - ELEMENTOS DE PUNTO DE ACCESO ADICIONAL (KOHA) | |
| Fuente del sistema de clasificación o colocación | Library of Congress Classification |
| Tipo de ítem Koha | Libros |
| Estado de retiro | Estado de pérdida | Estado dañado | No para préstamo | Localización permanente | Ubicación/localización actual | Fecha de adquisición | Número de inventario | Total de préstamos | Signatura topográfica completa | Código de barras | Fecha visto por última vez | Precio válido a partir de | Tipo de ítem Koha |
|---|---|---|---|---|---|---|---|---|---|---|---|---|---|
| El ejemplar forma parte de la colección y puede ser consultado según las políticas vigentes. | Biblioteca del Museo Franz Mayer (Rogerio Casas-Alatriste) | Biblioteca del Museo Franz Mayer (Rogerio Casas-Alatriste) | 14/03/2011 | H99 | NK5000 .L4 1939 (H99) | 6277 | 22/03/2019 | 22/03/2019 | Libros |